000 00764cam a2200241u 4500
001 6639
003 BD-RjUL
005 20211208234302.0
008 110114s1965 njua 000 0 eng
035 _a(BD-RjUL)6680
040 _aDLC
_cCarP
_dDLC
_dBD-RjUL
_beng
041 _aeng
082 0 4 _218
_a500
_bPOE 1965
100 1 _aPoppy, Willard J.,
_d1907- [from old catalog]
_920866
245 1 0 _aExploring the physical sciences /
_cWillard J Poppy; Leland L Wilson.
260 _aEnglewood Cliffs, N.J.,
_bPrentice-Hall
_cc1965.
300 _aviii, 376 p. :
_billus. (part col.) ;
_c25 cm.
650 0 _aScience.
_920867
700 1 _aWilson, Leland L., [from old catalog]
_ejoint author.
_920868
942 _2ddc
_cBK
999 _c6639
_d6639